000 00465nam a22001457a 4500
003 macl
005 20180421122821.0
008 180421b xxu||||| |||| 00| 0 eng d
040 _cmacl
100 _aवी. जीवकुमारन
_972188
245 _aचंगानै का बाहुबली
260 _aदिल्‍ली
_bराधारानी प्रकाशन
_c2015
650 _aउपन्‍यास
_972189
942 _2ddc
_cHIN
999 _c57832
_d57832